000 00353nam a2200133Ia 4500
001 8655
003 GE_BSU
008 181216s||||||||xx |||||||||||||| ||und||
040 _cGE_BSU
245 _aКомпьютер -пресс №12 Декабрь, 2013
245 _cГл.ред. А.В.Синев
653 _aКомпьютер -пресс
942 _cCR
999 _c41971
_d41971